| 000 | 00601nam a2200205 a 4500 | ||
|---|---|---|---|
| 005 | 20240111063546.0 | ||
| 008 | 040506s2001 mx r 000 0 spa d | ||
| 020 | _a8449310156 | ||
| 035 | _aUPN01000133325 | ||
| 049 | _aCG | ||
| 050 | 4 |
_aPN4128 _bM3.7 |
|
| 100 | 1 | _aMartínez Selva, José María | |
| 245 | 1 | 0 |
_aAprender a comunicarse en público : _bguía práctica/ _cJosé María Martínez Selva. |
| 260 |
_aBarcelona, Esp. : _bPaidós, _cc2001. |
||
| 300 | _a159 p. | ||
| 440 | 0 |
_aPaidós Aprender ; _v3 |
|
| 650 | 7 |
_aHablar en público _2 _9173 |
|
| 650 | 2 |
_aOratoria _94605 |
|
| 905 | _aLibro | ||
| 999 |
_c105477 _d105477 |
||